000 00847nam a2200253Ia 4500
003 GCL
008 140319s9999 xx 000 0 ara d
040 _aGCL /
_cGCL
082 0 4 _a708
_bع ع
100 1 _aعفيف البهنسى
245 1 0 _aعلم المتاحف والمعارض /
_cعفيف البهنسى
250 _aالاولى
260 _aسوريا :
_bدار الشرق للنشر ،
_c2004
300 _a243 ص ؛
_c24 سم
650 0 4 _aالمتاحف - تنظيم وادارة
650 0 4 _aالفن - متاحف
650 0 4 _aمصر - المتاحف
650 0 4 _aالمتاحف - تاريخ
650 0 4 _aالعالم العربى - المتاحف
650 0 4 _aالمتاحف - علم
650 0 4 _aالمتاحف - تزويد
650 0 4 _aالعالم العربى - متاحف - ادلة
942 _2ddc
_cBK
999 _c9999
_d9999